• 首页
  • 本馆介绍
  • 公告通知
  • 最新文献
  • 馆藏检索
  • 电子资源
  • 读者导购
  • 参考咨询
  • 我的图书馆
  • 登录
  • 详细信息显示
  • 放入我的书架
  • 预约/预借图书
  • 作者相关作品
  • 分类相关作品
  • 丛书相关作品
  • 出版社相关作品

书目信息

  • 表格格式
  • 工作单格式
  • 卡片格式
题名:
工人运动史话
    
 
作者: 唐玉良 , 高爱娣 著
分册:  
出版信息: 北京   社会科学文献出版社  2012.01
页数: 169页
开本: 21cm
丛书名: 中国史话
单 册:
中图分类: K261.3
科图分类:
主题词: 工人运动--历史--中国--近代 , 工人运动 , 历史
电子资源:
ISBN: 978-7-5097-2073-8
000 01103oam2 2200301 450
001 010700124947
005 20120619161214.04
010    @a978-7-5097-2073-8@dCNY15.00
100    @a20120328d2012 em y0chiy50 ea
101 0  @achi
102    @aCN@b110000
105    @ak z 000yy
106    @ar
200 1  @a工人运动史话@9gong ren yun dong shi hua@dA brief history of labour movement in China@f唐玉良,高爱娣著@zeng
210    @a北京@c社会科学文献出版社@d2012.01
215    @a169页@d21cm
225 2  @a中国史话@i近代政治史系列@v133
330    @a本书以时间为线索,从中国工人阶级的产生谈起,向读者较为详细地介绍了工人阶级的早期自发斗争、第一次全国工运高潮、大革命中的辉煌岁月和惨痛教训、土地革命战争时期的艰苦斗争等事件。
462  0 @12001 @a中国史话@i近代政治史系列@v133
510 1  @aBrief history of labour movement in China@zeng
606 0  @a工人运动@x历史@y中国@z近代
606 0  @a工人运动
606 0  @a历史
690    @aK261.3@v4
701  0 @a唐玉良@9tang yu liang@4著
701  0 @a高爱娣@9gao ai di@4著
801  0 @aCN@bRENTIAN@c20120328
905    @b540114-18@dK261.3@e110@f5
    
    工人运动史话=A brief history of labour movement in China/唐玉良,高爱娣著.-北京:社会科学文献出版社,2012.01
    169页;21cm.-(中国史话.近代政治史系列;133)
    
    
    ISBN 978-7-5097-2073-8:CNY15.00
    本书以时间为线索,从中国工人阶级的产生谈起,向读者较为详细地介绍了工人阶级的早期自发斗争、第一次全国工运高潮、大革命中的辉煌岁月和惨痛教训、土地革命战争时期的艰苦斗争等事件。
●
相关链接 在E读中查询图书 在五车中查询图书 在当当中查询图书 在豆瓣中查询图书


正题名:工人运动史话     索取号:K261.3/110         预约/预借

序号 登录号 条形码 馆藏地/架位号 状态 备注
1 540114   205401144   第二样本阅览室/ [索取号:K261.3/110] 在馆    
2 540115   205401153   第二借阅区/ [索取号:K261.3/110] 在馆    
3 540116   205401162   第二借阅区/ [索取号:K261.3/110] 在馆    
4 540117   205401171   第二借阅区/ [索取号:K261.3/110] 在馆    
5 540118   205401180   密集书库-史法系/ [索取号:K261.3/110] 在馆    
唐山师范学院图书馆 欢迎您!
大连网信软件有限公司© 版权所有